000 00348nam a2200133Ia 4500
005 20260328101525.0
008 260328s9999||||xx |||||||||||||| ||und||
100 _aCarter, David
245 0 _aAmerican Graphic Design and advertising 25 /
_cDavid Carter
260 _bCollins Design
300 _a336 p.
650 _aDISEÑO GRÁFICO
942 _cBK
999 _c9754
_d9754